1268 1857 1510 1293 1644 1080 1678 1619 1545 1230 1006 1488 1703 1571 1139 1028 1165 1817 1772 1140 1519 1577 1839 1397 1226 1515 1624 1380 1565 1115 1977 1112 1029 1817 1037 1216 1178 1754 1990 1401 1779 1448 1918 1729 1781 1187 1989 1900 1229 1819 1673 1824 1829 1869 1728 1034 1185 1909 1311 1586 1482 1850 1073 1488 1465 1569 1341 1990 1970 1990 1128 1203 1506 1416 1750 1910 1776 1703 1509 1151 1497 1112 1113 1009 1961 1780 1022 1402 1095 1346 1821 1076 1016 1445 1970 1499 1317 1305 1714 BCNSPRNW ULIB Ver.6.0+V

เปลี่ยนเป็นภาษาไทย

Change to English
 แสดงรายละเอียดบรรณานุกรม
  กลับหน้าหลัก

Brief Record : Get Marc (ISO 2709) : E-mail record : QR code < ปิดหน้าต่าง
LEADER : 00000nam 2200000uu 4500
001    13399127629
003     ULIB
008    210311s2561||||th 000 0 tha d
020    ^a9786164558762 ^c360
060 04 ^aWZ345^bว712ห
100 0  ^aวิโรจน์ ไววานิชกิจ
245 10 ^aหลักการเขียนบทความวิชาการและบทความวิจัยทางการแพทย์และสาธารณสุข สำหรับแพทย์ พยาบาล และบุคลากรทางการแพทย์ /^cวิโรจน์ ไววานิชกิจ
250    ^aพิมพ์ครั้งที่ 1
260    ^aกรุงเทพ : ^bโรงพิมพ์แห่งจุฬาลงกรณ์มหาวิทยาลัย ,^c2561
300    ^a98 หน้า : ^bภาพประกอบ ;^c21 ซม.
650  7 ^aการเขียนโครงการวิจัย
945    ^p360^l0^i007943
945    ^p360^l0^i007944
945    ^p360^l0^i007945
999    ^aประนอม เกษจรัล
รายการนี้ยังไม่มีแท็ก
คุณยังไม่ได้ล็อกอิน คุณสามารถมีกิจกรรมร่วมกับเว็บไซต์ได้ แต่ต้องล็อกอินก่อน ::
  ล็อกอิน

รายการสื่อสารสนเทศ

ลำดับที่ ประเภท เลขเรียก/บาร์โค้ด สถานที่ สถานะ
1. วิทยาศาสตร์การแพทย์ และสุขภาพ
หนังสือสำรอง
สถานะ=หนังสือสำรอง
WZ345 ว712ห ฉ.1 
  Barcode: 007943
ห้องสมุดวิทยาเขตสวรรค์ประชารักษ์
►หนังสือทั่วไป
บนชั้น
2. วิทยาศาสตร์การแพทย์ และสุขภาพ
วิทยาศาสตร์การแพทย์ และสุขภาพ
WZ345 ว712ห ฉ.2 
  Barcode: 007944
ห้องสมุดวิทยาเขตสวรรค์ประชารักษ์
►หนังสือทั่วไป
บนชั้น
3. วิทยาศาสตร์การแพทย์ และสุขภาพ
วิทยาศาสตร์การแพทย์ และสุขภาพ
WZ345 ว712ห ฉ.3 
  Barcode: 007945
ห้องสมุดวิทยาเขตสวรรค์ประชารักษ์
►หนังสือทั่วไป
บนชั้น

รายการใกล้เคียง
    ผู้แต่ง [วิโรจน์ ไววานิชกิจ]

    หัวเรื่อง [การเขียนโครงการวิจัย]

BibComment


ยังไม่เคยถูกคอมเมนท์

คอมเมนท์ทรัพยากรรายการนี้
  คอมเมนท์: หลักการเขียนบทคว..


 Copyright 2026. Bcnsprnw @Library